书目信息 |
| 题名: |
天堂印象
|
|
| 作者: | 逢尘 主编 | |
| 分册: | ||
| 出版信息: | 北京 外文出版社 1999 |
|
| 页数: | 392页 | |
| 开本: | 20cm | |
| 丛书名: | ||
| 单 册: | ||
| 中图分类: | B845.9 | |
| 科图分类: | ||
| 主题词: | 生理心理学 | |
| 电子资源: | ||
| ISBN: | 7-119-02366-7 | |
| 000 | 00657nam0 2200217 450 | |
| 001 | 0553657280 | |
| 005 | 20051108145908.68 | |
| 010 | @a7-119-02366-7@dCNY22.00 | |
| 092 | @aCN | |
| 100 | @a20051108d1999 km y0chiy0120 ea | |
| 101 | 0 | @achi |
| 102 | @aCN@b110000 | |
| 200 | 1 | @a天堂印象@Atian tang yin xiang@e100个死后生还者的口述故事@f逢尘主编@Ffeng chen zhu bian |
| 210 | @a北京@c外文出版社@d1999 | |
| 215 | 1 | @a392页@d20cm |
| 517 | 1 | @a100个死后生还者的口述故事@A100 ge si hou sheng hai zhe de kou shu gu shi |
| 606 | 0 | @a生理心理学 |
| 690 | @aB845.9@v4 | |
| 701 | 0 | @a逢尘@Afeng chen@4主编 |
| 801 | 0 | @aCN@bPFT@c20051108 |
| 905 | @a10447@dB845.9@e473 | |
| 天堂印象:100个死后生还者的口述故事/逢尘主编.-北京:外文出版社,1999 |
| 392页;20cm |
| ISBN 7-119-02366-7:CNY22.00 |
| ● |
| 相关链接 |
|
|
|
|
正题名:天堂印象
索取号:B845.9/473
 
预约/预借
| 序号 | 登录号 | 条形码 | 馆藏地/架位号 | 状态 | 备注 |
| 1 | 0337882 | 203378825 | 第一样本阅览室/ [索取号:B845.9/473] | 在馆 | |
| 2 | 0337883 | 203378834 | 第一借阅区/ [索取号:B845.9/473] | 在馆 | |
| 3 | 0337884 | 203378843 | 第一借阅区/ [索取号:B845.9/473] | 在馆 | |
| 4 | 0337885 | 203378852 | 第一借阅区/ [索取号:B845.9/473] | 在馆 | |
| 5 | 0337886 | 203378861 | 密集书库/ [索取号:B845.9/473] | 在馆 |